01306nam a2200289ua 4500001001300000003000900013005001700022008004100039020001800080040002800098043001200126082002400138100003800162245007200200260013000272300002100402650002700423650002800450650002900478650003000507700004100537942001200578999001700590952012500607952013700732952014700869C01376502c-2CO-ViMGA20230915233137.0121115s2012 ck a gr 0001pdspa d a9789588794020 aCO-ViMGAbspacCO-ViMGA as-ck---04aCo 861.6 bH37d2191 aHernández, Oscar, d1925-9390310aDos poetas colombianos / cOscar Hernández, Luis Arturo Restrepo. aMedellín : bSílaba Editores : bMinisterio de Cultura. Plan Nacional de Lectura. Convocatoria Leer es mi cuento, c2012. a113 p ; c20 cm.14aAmorv Poesías.924114aAvesv Poesías.9382214aGatosv Poesías.9390414aPoesía colombiana.91631 aRestrepo, Luis Arturo, d1983-93905 2ddccBK c35621d35621 00102ddc40708003aMEVIECARbMEVIECARd2016-08-19l0oCo 861.6 H37dp30294r2018-09-20 00:00:00tEj.1w2016-08-19yBK 00102ddc40708GENaMEPLOPEZbMEPLOPEZcGENd2025-10-28l0oCo 861.6 H37dpPLZ03916r2025-10-28 20:32:32tEj.1w2025-10-28yBKLIT 00102ddc40708012aMEGRANADbMEGRANADcLITd2026-02-20eBIBLIOTECA NACIONALl0oP-HERpGRDA02102r2026-02-20 13:47:34tEj.1w2026-02-20yBK